[Event "TCh-CHN 2016"]
[Site "China CHN"]
[Date "2016.04.15"]
[Round "4.5"]
[Board "4"]
[White "Lei, Tingjie"]
[Black "Xiao, Yiyi"]
[Result "1/2-1/2"]
[WhiteTitle "WGM"]
[BlackTitle "WFM"]
[WhiteElo "2504"]
[BlackElo "2222"]
[WhiteTeam "Chongqing"]
[BlackTeam "Tianjing"]
[WhiteFideId "8605114"]
[BlackFideId "8606161"]
[EventDate "2016.04.12"]

1. Nf3 Nf6 2. g3 e6 3. Bg2 d5 4. d4 Be7 5. c4 O-O 6. O-O c6 7. Qc2 b6 8. Rd1 Bb7
9. b3 Nbd7 10. Nc3 Qc7 11. Bf4 Bd6 12. Bxd6 Qxd6 13. e4 Nxe4 14. Nxe4 dxe4 15.
Qxe4 Rad8 16. Ne5 Nf6 17. Qe3 Qc7 18. b4 Rc8 19. a4 c5 20. Bxb7 cxd4 21. Rxd4
Qxb7 22. Rad1 h6 23. b5 Qe7 24. Nc6 Qc5 25. R4d3 Rxc6 26. bxc6 Qxc6 27. Rd8 Qxc4
28. Rxf8+ Kxf8 29. Qe5 Kg8 30. Qb8+ Kh7 31. Qxa7 e5 32. Qxb6 Qxa4 33. Re1 e4 34.
Qc5 Qd7 35. Kg2 Qg4 36. Re3 Qe6 37. Qd4 Qf5 38. Kg1 h5 39. Kg2 Qb5 40. f3 exf3+
41. Rxf3 Qe2+ 42. Rf2 Qe6 43. Qd3+ Kg8 44. Rb2 Qc6+ 45. Qf3 Qxf3+ 46. Kxf3 g6
47. Rb7 Kg7 48. Kf4 Ng4 49. Rb2 Nf6 50. h3 Nd5+ 51. Ke5 Nf6 52. Rb7 Nh7 53. Kf4
Nf8 54. Rb6 Ne6+ 55. Ke5 Ng5 56. h4 Nf3+ 57. Ke4 Nh2 58. Rb4 Ng4 59. Kd5 Nf6+
60. Kd6 Ng4 61. Rf4 Nf6 62. Rf3 Ng8 63. Ke5 Nh6 64. Rf4 Ng4+ 65. Kd6 Nf6 66. Rf3
Ng8 67. Ra3 Nf6 68. Ke7 Nd5+ 69. Kd8 Nf6 70. Rf3 Ng8 71. Kd7 Nf6+ 72. Kd6 1/2-1/2

[Event "TCh-CHN 2016"]
[Site "China CHN"]
[Date "2016.04.15"]
[Round "4.5"]
[Board "5"]
[White "Tan, Zhongyi"]
[Black "Khotenashvili, Bela"]
[Result "0-1"]
[WhiteTitle "WGM"]
[BlackTitle "GM"]
[WhiteElo "2518"]
[BlackElo "2493"]
[WhiteTeam "Chongqing"]
[BlackTeam "Tianjing"]
[WhiteFideId "8603642"]
[BlackFideId "13602640"]
[EventDate "2016.04.12"]

1. d4 d5 2. c4 e6 3. Nf3 Nf6 4. Nc3 Be7 5. Bg5 O-O 6. e3 b6 7. Bd3 dxc4 8. Bxc4
Bb7 9. O-O c5 10. Qe2 h6 11. Bh4 cxd4 12. Nxd4 Ne4 13. Nxe4 Bxh4 14. Rfd1 Bxe4
15. Nxe6 Qe7 16. Nxf8 Kxf8 17. Qg4 Bf6 18. Rac1 g6 19. Bd5 Bxd5 20. Rxd5 Kg7 21.
Qc8 Bxb2 22. Rcd1 a5 23. Rd8 Be5 24. Rg8+ Kf6 25. f4 Bc7 26. Re8 Qc5 27. Qb7 Ra6
28. Qe4 b5 29. Rd5 Qb4 30. Qxb4 axb4 31. Rxb5 Nc6 32. Rc8 Bd6 33. Rb7 Ne7 34.
Rc2 Nd5 35. e4 Nxf4 36. g3 Nd3 37. Rd2 Ne5 38. Kg2 Ke6 39. Rb5 Nc4 40. Re2 Ra3
41. Kf2 h5 42. Kg1 Ne5 43. Kg2 Nc4 44. Kg1 f6 45. Kf2 h4 46. gxh4 Rh3 47. Kg1
Rxh4 48. Kh1 Rg4 49. Rb7 Bc5 50. h3 Rg1+ 51. Kh2 g5 52. h4 Ne5 53. hxg5 fxg5 54.
Rg2 Nf3+ 55. Kg3 Rxg2+ 56. Kxg2 Nd2 57. Rg7 Nxe4 58. Kf3 Kf5 59. Rf7+ Nf6 60.
Rc7 g4+ 61. Ke2 Bd6 62. Rc6 Ne4 63. Kf1 Ke5 64. Rc2 g3 65. Kg2 Kd4 66. Rc8 Nc3
67. Ra8 Ke4 68. Ra6 Kd5 69. Ra5+ Kc4 70. Ra6 Be5 71. Ra8 Nd5 72. Kf3 Nc3 73. Kg2
Kd4 74. Kf3 Kc4 75. Kg2 Nb1 76. Ra5 Bd6 77. Ra6 Be5 78. Ra5 Kd4 79. Rb5 Bd6 80.
Rb6 Kc5 81. Ra6 Nd2 82. Ra5+ Kd4 83. Ra6 Ke5 84. Kxg3 Bc5 85. Ra4 Ne4+ 86. Kf3
Nc3 87. Ra8 Kd5 88. Rd8+ Kc6 89. Rd2 Kb5 90. Kf4 Ka4 91. Ke5 Ka3 92. Rc2 Bb6 93.
Rg2 Nxa2 94. Kd5 Kb3 95. Kc6 Bd4 96. Kd5 Be3 97. Ke4 Bb6 98. Rg6 Nc3+ 99. Kd3
Na4 100. Rg3 Bc7 101. Rh3 Be5 102. Rh4 Bc3 103. Rxb4+ Kxb4 104. Ke3 Kc4 105. Ke4
Nc5+ 106. Ke3 Nd3 107. Ke4 Bd4 108. Kf3 Kd5 109. Ke2 Ke4 110. Kd2 Nc5 111. Ke2
Kf4 112. Ke1 Kf3 113. Kf1 Ne4 114. Ke1 Bf2+ 115. Kd1 Ke3 116. Kc2 Kd4 117. Kb3
Be1 118. Kc2 Nf2 119. Kb2 Kc4 120. Kc2 Bc3 121. Kc1 Kb3 122. Kb1 Bf6 123. Kc1
Bg5+ 124. Kb1 Ne4 125. Ka1 Bc1 126. Kb1 Ba3 127. Ka1 Bb2+ 0-1

[Event "TCh-CHN 2016"]
[Site "China CHN"]
[Date "2016.04.15"]
[Round "4.6"]
[Board "1"]
[White "Ma, Qun"]
[Black "Yu, Kaifeng"]
[Result "1-0"]
[WhiteTitle "GM"]
[BlackTitle "FM"]
[WhiteElo "2613"]
[BlackElo "2220"]
[WhiteTeam "Hangzhou"]
[BlackTeam "Shenzhen"]
[WhiteFideId "8603154"]
[BlackFideId "8609667"]
[EventDate "2016.04.12"]

1. e4 c5 2. Nf3 d6 3. d4 cxd4 4. Qxd4 a6 5. c4 Nc6 6. Qe3 g6 7. Be2 Bg7 8. O-O
Nf6 9. h3 O-O 10. Nc3 Nd7 11. Rd1 Nc5 12. Rb1 f5 13. b4 Nxe4 14. Nxe4 fxe4 15.
Ng5 Bf5 16. g4 Bd7 17. Qxe4 Kh8 18. Be3 Qc8 19. b5 axb5 20. cxb5 Ne5 21. a4 Qd8
22. Rbc1 Qa5 23. f4 Nf7 24. Nxf7+ Rxf7 25. Qxb7 Be6 26. Bc4 Bc8 27. Qb6 Qxb6 28.
Bxb6 Rxf4 29. Bd5 Rfxa4 30. Bxa8 Rxa8 31. Bd4 Bxd4+ 32. Rxd4 Kg7 33. b6 Rb8 34.
Rc7 Kf6 35. Rf4+ Kg5 36. Rf8 Rxb6 37. Rfxc8 Kh4 38. Rxe7 Kxh3 39. Rc4 g5 40. Kf2
Rb2+ 41. Kf3 h6 42. Rc1 Rb3+ 43. Re3 Rxe3+ 44. Kxe3 Kxg4 45. Rg1+ Kh3 46. Rh1+
Kg3 47. Rxh6 d5 48. Rd6 g4 49. Rxd5 Kh2 50. Kf4 g3 51. Rh5+ 1-0

[Event "TCh-CHN 2016"]
[Site "China CHN"]
[Date "2016.04.15"]
[Round "4.6"]
[Board "2"]
[White "Gao, Rui"]
[Black "Zhu, Yi"]
[Result "1/2-1/2"]
[WhiteTitle "GM"]
[BlackTitle "FM"]
[WhiteElo "2552"]
[BlackElo "2318"]
[WhiteTeam "Hangzhou"]
[BlackTeam "Shenzhen"]
[WhiteFideId "8602387"]
[BlackFideId "8607435"]
[EventDate "2016.04.12"]

1. e4 c5 2. Nf3 d6 3. d4 cxd4 4. Nxd4 Nf6 5. Nc3 a6 6. Bg5 e6 7. f4 h6 8. Bh4
Qb6 9. a3 Bd7 10. Bf2 Qc7 11. Qf3 Nc6 12. O-O-O Rc8 13. Nb3 b5 14. Kb1 b4 15.
axb4 Nxb4 16. Rd4 Qb8 17. Bg3 Be7 18. Bc4 Nc6 19. Rdd1 Nb4 20. Qe2 O-O 21. f5 e5
22. Bh4 a5 23. Bxf6 Bxf6 24. h4 Rxc4 25. Qxc4 Rc8 26. Qe2 a4 27. Na1 Rxc3 28.
bxc3 Nd3+ 29. Nb3 Nc5 30. Qc4 axb3 31. cxb3 Nxb3 32. Qb4 Qxb4 33. cxb4 Nd4 34.
Rc1 Bb5 35. Rh3 Nc6 36. Kb2 Nxb4 37. Rc8+ Kh7 38. Rb8 Nd3+ 39. Kc3 d5 40. Rxb5
dxe4 41. Rxd3 exd3 42. Kxd3 Bxh4 43. Rxe5 g6 44. g4 Kg7 45. Ke4 Kf6 46. Rb5 Be1
47. Rb1 Bh4 48. Rb7 Be1 49. Rc7 Bg3 50. Rd7 gxf5+ 51. gxf5 h5 52. Rd5 h4 53. Kf3
Kg5 54. Rb5 f6 55. Rd5 Be5 56. Ke4 1/2-1/2

[Event "TCh-CHN 2016"]
[Site "China CHN"]
[Date "2016.04.15"]
[Round "4.6"]
[Board "3"]
[White "Bai, Jinshi"]
[Black "Zhao, Chenxi"]
[Result "1-0"]
[WhiteTitle "GM"]
[WhiteElo "2564"]
[BlackElo "2035"]
[WhiteTeam "Hangzhou"]
[BlackTeam "Shenzhen"]
[WhiteFideId "8602280"]
[BlackFideId "8611513"]
[EventDate "2016.04.12"]

1. Nf3 g6 2. c4 Bg7 3. d4 d6 4. Nc3 Nd7 5. e4 e5 6. Be2 Ngf6 7. dxe5 dxe5 8. O-O
O-O 9. b4 Qe7 10. Nd5 Nxd5 11. cxd5 Qxb4 12. Qc2 Qd6 13. a4 c5 14. a5 Rb8 15.
Nd2 Qc7 16. Bb5 Nf6 17. Nc4 Ne8 18. Be3 b6 19. axb6 axb6 20. Rfb1 Nd6 21. Bc6
Rd8 22. Rb3 Bd7 23. Bxd7 Rxd7 24. Rab1 Nxc4 25. Qxc4 Bf8 26. h3 Qd8 27. Qb5 Rc7
28. Qa6 Rcb7 29. Bd2 Bd6 30. Qb5 Ra7 31. Qc6 Rc7 32. Qa4 Rcb7 33. Rb5 Ra8 34.
Qc4 Rbb8 35. R5b3 Bc7 36. Be3 Ra5 37. Bd2 Ra7 38. Be3 Rba8 39. Qb5 Qd6 40. Kh2
Ra5 41. Qe2 Ra4 42. f3 f5 43. Bf2 Qf6 44. Bg3 Rd4 45. Rd3 Rxd3 46. Qxd3 f4 47.
Be1 Qd6 48. Rb3 Kg7 49. Bc3 Bd8 50. Qb5 Kf7 51. Rb1 Bc7 52. Rd1 Ke7 53. Rd2 Ra3
54. Rd3 Qd7 55. Qb2 Qa4 56. Bxe5 Rxd3 57. Bxc7 Kf7 58. Qh8 Qd7 59. Qxh7+ Ke8 60.
Qg8+ Ke7 61. Bxf4 Qe8 62. Qg7+ Qf7 63. Bg5+ Ke8 64. Qh8+ Qf8 65. Qe5+ Kf7 66.
Qc7+ Kg8 67. Qxb6 Kh7 68. Qc7+ Qg7 69. Qxc5 Qe5+ 70. f4 Qxe4 71. Qc7+ Kg8 72.
Bf6 Kf8 73. Qg7+ Ke8 74. Qg8+ 1-0

[Event "TCh-CHN 2016"]
[Site "China CHN"]
[Date "2016.04.15"]
[Round "4.6"]
[Board "4"]
[White "Du, Yuxin"]
[Black "Gu, Tianlu"]
[Result "1/2-1/2"]
[BlackTitle "WIM"]
[WhiteElo "2074"]
[BlackElo "2255"]
[WhiteTeam "Shenzhen"]
[BlackTeam "Hangzhou"]
[WhiteFideId "8610282"]
[BlackFideId "8603995"]
[EventDate "2016.04.12"]

1. e4 e5 2. Nf3 Nc6 3. Bb5 a6 4. Bxc6 dxc6 5. O-O Bd6 6. d4 Bg4 7. dxe5 Bxf3 8.
Qxf3 Bxe5 9. Nd2 Qf6 10. Qxf6 Bxf6 11. Nf3 O-O-O 12. e5 Be7 13. Be3 h5 14. Rad1
Nh6 15. Rxd8+ Bxd8 16. Rd1 Nf5 17. Bg5 b6 18. Kf1 c5 19. c3 Ne7 20. g3 Re8 21.
Nd2 Nc6 22. Bxd8 Rxd8 23. f4 f6 24. exf6 gxf6 25. Ke2 Re8+ 26. Kf3 Rd8 27. Ke2
Re8+ 28. Kd3 Rd8+ 29. Kc2 Re8 30. Nf3 Re2+ 31. Rd2 Re3 32. Rd3 Re2+ 33. Rd2 Re3
34. Rd3 Re2+ 35. Rd2 1/2-1/2

[Event "TCh-CHN 2016"]
[Site "China CHN"]
[Date "2016.04.15"]
[Round "4.6"]
[Board "5"]
[White "Xu, Yuze"]
[Black "Dzagnidze, Nana"]
[Result "0-1"]
[BlackTitle "GM"]
[WhiteElo "1812"]
[BlackElo "2535"]
[WhiteTeam "Shenzhen"]
[BlackTeam "Hangzhou"]
[WhiteFideId "8614466"]
[BlackFideId "13601903"]
[EventDate "2016.04.12"]

1. e4 c5 2. c3 Qa5 3. Nf3 Nc6 4. Be2 Nf6 5. d3 e5 6. O-O Be7 7. Be3 d5 8. exd5
Nxd5 9. Nbd2 O-O 10. Nb3 Qb6 11. Nfd2 Nxe3 12. fxe3 Be6 13. Kh1 f5 14. e4 Rad8
15. exf5 Bxf5 16. Nc4 Qc7 17. Ne3 Bg6 18. Rxf8+ Bxf8 19. Qf1 Be7 20. Nf5 b6 21.
Nxe7+ Nxe7 22. Nd2 Nd5 23. Ne4 Nf4 24. Rd1 Qf7 25. b3 h6 26. Bf3 Kh8 27. Kg1 Rf8
28. Qe1 Nh3+ 29. Kh1 Bxe4 30. dxe4 Ng5 31. Rd3 c4 32. bxc4 Qxc4 33. Qe2 b5 34.
Kg1 Kh7 35. Re3 Nxf3+ 36. gxf3 Qxe2 37. Rxe2 Rxf3 38. Rb2 a6 39. Rb3 Kg6 40. Ra3
Rf6 41. Ra5 Kg5 42. c4 Rb6 43. cxb5 axb5 44. Ra7 g6 45. Rf7 Rf6 46. Rb7 Kf4 47.
Rxb5 Ra6 48. Rb2 Kxe4 49. Kf2 Ra3 50. Re2+ Kf4 51. Rb2 e4 52. h4 Kg4 53. Rb6 Kh5
54. Re6 Rxa2+ 55. Ke3 Rh2 56. Re5+ Kxh4 57. Rxe4+ Kg5 58. Kf3 Rh3+ 59. Kg2 Ra3
60. Re5+ Kf4 61. Re6 Kf5 62. Rb6 h5 63. Rb5+ Kf6 64. Rb4 Re3 65. Kf2 Re5 66.
Rb6+ Kf5 67. Kf3 g5 68. Rb8 g4+ 69. Kg3 Re3+ 70. Kf2 Rf3+ 71. Kg2 Rd3 72. Rb5+
Kg6 73. Rb6+ Kg5 74. Rb5+ Kh4 75. Rb2 Rd5 76. Kh2 Kg5 77. Rb8 Rd2+ 78. Kg1 g3
79. Rg8+ Kh4 80. Rh8 Kg4 81. Rg8+ Kh3 82. Kf1 Rd1+ 83. Ke2 Ra1 84. Kf3 Rf1+ 85.
Ke2 g2 0-1

[Event "TCh-CHN 2016"]
[Site "China CHN"]
[Date "2016.06.23"]
[Round "5.1"]
[Board "1"]
[White "Yu, Kaifeng"]
[Black "Xu, Yinglun"]
[Result "0-1"]
[WhiteTitle "FM"]
[WhiteElo "2220"]
[BlackElo "2523"]
[WhiteTeam "Shenzhen"]
[BlackTeam "Guangdong"]
[WhiteFideId "8609667"]
[BlackFideId "8604940"]
[EventDate "2016.04.12"]

1. d4 Nf6 2. c4 e6 3. Nf3 b6 4. g3 Ba6 5. Qa4 Bb7 6. Bg2 c5 7. dxc5 bxc5 8. O-O
Be7 9. Nc3 O-O 10. Bf4 Qb6 11. Qb5 Rd8 12. Rfd1 d6 13. Rd2 h6 14. Rad1 Ne8 15.
Ne5 Bxg2 16. Kxg2 Qc7 17. Ne4 a6 18. Qa4 Qb7 19. f3 Rc8 20. Nd3 Nc6 21. Be3 Nd4
22. Nf4 g5 23. Nh5 f5 24. Nc3 Kf7 25. Bxd4 cxd4 26. Rxd4 Qxb2 27. R1d3 Ra7 28.
Re3 Qb6 29. Qd1 Rxc4 30. Rxc4 Qxe3 31. Qc2 Rc7 32. Rxc7 Nxc7 33. g4 Qc5 34. gxf5
Qxf5 35. Ne4 Nd5 36. Qb2 Qg6 37. Nhg3 Nf4+ 38. Kf2 d5 39. Nd2 h5 40. Qc3 h4 41.
Ngf1 g4 42. fxg4 Qxg4 43. Qf3 Bc5+ 44. e3 Qf5 45. Ke1 Nd3+ 46. Kd1 Kf6 47. Qxf5+
Kxf5 48. Nb3 e5 49. Kd2 e4 50. Nxc5 Nxc5 51. Kc3 Ke5 52. h3 Nd3 53. Nh2 Nf2 54.
Kb4 Nxh3 55. Ka5 d4 56. exd4+ Kxd4 57. Kxa6 Ng5 0-1

[Event "TCh-CHN 2016"]
[Site "China CHN"]
[Date "2016.06.23"]
[Round "5.1"]
[Board "2"]
[White "Zhao, Chenxi"]
[Black "Zeng, Chongsheng"]
[Result "1/2-1/2"]
[BlackTitle "GM"]
[WhiteElo "2035"]
[BlackElo "2549"]
[WhiteTeam "Shenzhen"]
[BlackTeam "Guangdong"]
[WhiteFideId "8611513"]
[BlackFideId "8603847"]
[EventDate "2016.04.12"]

1. e4 Nf6 2. e5 Nd5 3. d4 d6 4. c4 Nb6 5. exd6 cxd6 6. Nf3 g6 7. Nc3 Bg7 8. Be2
O-O 9. O-O Nc6 10. Be3 Bg4 11. b3 d5 12. c5 Nc8 13. h3 Bxf3 14. Bxf3 e6 15. Rb1
N8e7 16. Ne2 Nf5 17. Qd2 h5 18. Kh1 a5 19. a3 b5 20. g3 b4 21. a4 Qe7 22. Bg2
Rad8 23. Rbd1 Kh7 24. Rfe1 Bh6 25. Bxh6 Nxh6 26. Ng1 Nf5 27. Nf3 Kg7 28. Bf1 Qf6
29. Kg2 g5 30. Bb5 g4 31. Bxc6 gxf3+ 32. Kh2 Rh8 33. Qf4 Rh6 34. Bb7 Ne7 35.
Qxf6+ Kxf6 36. c6 Rhh8 37. Rd3 Nc8 38. Rxf3+ Ke7 39. Rc1 Nd6 40. Rc5 Rb8 41.
Rxa5 Nxb7 42. cxb7 Rxb7 43. Rc5 Ra8 44. Re3 Kd6 45. Re2 Rc7 46. Rxc7 Kxc7 47. g4
h4 48. Rc2+ Kd6 49. Kg2 f6 50. Rc5 e5 51. Rb5 exd4 52. Rxb4 Ke5 53. Kf3 Ra7 54.
Ke2 Ke4 55. Rb6 d3+ 56. Kd2 Rc7 57. Rxf6 Rc2+ 58. Kd1 Ra2 59. g5 Ra1+ 60. Kd2
Ra2+ 61. Kd1 Ra1+ 62. Kd2 Ra2+ 63. Kd1 Ra1+ 1/2-1/2

[Event "TCh-CHN 2016"]
[Site "China CHN"]
[Date "2016.06.23"]
[Round "5.1"]
[Board "3"]
[White "Lin, Yi"]
[Black "Liu, Chang"]
[Result "1/2-1/2"]
[WhiteElo "2276"]
[BlackElo "2376"]
[WhiteTeam "Shenzhen"]
[BlackTeam "Guangdong"]
[WhiteFideId "8602735"]
[BlackFideId "8606340"]
[EventDate "2016.04.12"]

1. d4 Nf6 2. c4 g6 3. Nc3 Bg7 4. e4 d6 5. h3 O-O 6. Nf3 c5 7. d5 e6 8. Bd3 exd5
9. exd5 Re8+ 10. Be3 Bh6 11. O-O Bxe3 12. fxe3 Nbd7 13. e4 Rf8 14. Qd2 Ne8 15.
Rf2 Qe7 16. Raf1 Ne5 17. Nxe5 Qxe5 18. Ne2 Bd7 19. a3 b6 20. Qc3 Rc8 21. b4 Kg7
22. Qd2 f6 23. Nf4 Qd4 24. Ne2 Qe5 25. Nf4 Qd4 26. Qb2 Qxb2 27. Rxb2 Rf7 28. g4
Nc7 29. Kf2 Re8 30. Kf3 Na6 31. b5 Nb8 32. a4 Bc8 33. a5 Nd7 34. Kg3 Ne5 35. Be2
Rfe7 36. h4 Nf7 37. Bf3 Ne5 38. Be2 Nf7 1/2-1/2

[Event "TCh-CHN 2016"]
[Site "China CHN"]
[Date "2016.06.23"]
[Round "5.1"]
[Board "4"]
[White "Liu, Manli"]
[Black "Du, Yuxin"]
[Result "1/2-1/2"]
[WhiteElo "2015"]
[BlackElo "2074"]
[WhiteTeam "Guangdong"]
[BlackTeam "Shenzhen"]
[WhiteFideId "8608121"]
[BlackFideId "8610282"]
[EventDate "2016.04.12"]

1. e4 c6 2. d4 d5 3. exd5 cxd5 4. Nf3 Nc6 5. c3 Nf6 6. Bd3 Bg4 7. h3 Bh5 8. Bf4
e6 9. Nbd2 Bd6 10. Bxd6 Qxd6 11. O-O O-O 12. Qb3 Qc7 13. Rfe1 Bg6 14. Bxg6 hxg6
15. Rac1 Rfc8 16. a4 a6 17. Qa3 Na5 18. b3 b6 19. Ne5 Nc6 20. Ndf3 a5 21. Ng5
Nxe5 22. Rxe5 Nd7 23. Re3 Qf4 24. Nf3 Rc6 25. Qe7 Qd6 26. Qxd6 Rxd6 27. Nd2 Rc8
28. Kf1 f6 29. f4 Kf7 30. Ke2 Nb8 31. Nb1 Nc6 32. Kd2 Ne7 33. g4 Rdc6 34. Na3
Rd8 35. Nb5 Nc8 36. Rh1 Nd6 37. Nxd6+ Rcxd6 38. h4 Rb8 39. Ra1 Rc6 40. Kc2 Rh8
41. Rh1 Rcc8 42. Kd3 Rc6 43. Reh3 Rhc8 44. Kd2 b5 45. axb5 Rb6 46. Ra1 Rxb5 47.
Ra3 Rc6 48. Rh1 Rcb6 49. Kc2 Rb8 50. Rha1 Ke7 51. Rb1 Kd7 1/2-1/2

[Event "TCh-CHN 2016"]
[Site "China CHN"]
[Date "2016.06.23"]
[Round "5.1"]
[Board "5"]
[White "Li, Xueyi"]
[Black "Xu, Yuze"]
[Result "1/2-1/2"]
[WhiteElo "2112"]
[BlackElo "1812"]
[WhiteTeam "Guangdong"]
[BlackTeam "Shenzhen"]
[WhiteFideId "8605912"]
[BlackFideId "8614466"]
[EventDate "2016.04.12"]

1. d4 Nf6 2. c4 e6 3. g3 Bb4+ 4. Bd2 Qe7 5. Bg2 Nc6 6. e3 O-O 7. a3 Bxd2+ 8.
Nxd2 a5 9. Ne2 d6 10. O-O e5 11. d5 Nb8 12. b4 b6 13. Qc2 Nfd7 14. e4 g6 15.
Rae1 axb4 16. axb4 Na6 17. Qb1 Bb7 18. Nc1 Rfb8 19. Na2 Bc8 20. Nc3 Nf8 21. f4
f6 22. Rf2 Bd7 23. Bf1 Be8 24. Qb2 Rb7 25. fxe5 fxe5 26. Be2 Nb8 27. Ref1 Nbd7
28. Nb5 h6 29. Nb1 Nh7 30. N1c3 Ndf6 31. Qc2 Bd7 32. Rd1 Ng5 33. Kh1 Ng4 34.
Bxg4 Bxg4 35. Rdf1 Bh3 36. Re1 Bg4 37. h4 Nh3 38. Rff1 g5 39. Qd2 Kg7 40. Nd1
gxh4 41. Ne3 Bd7 42. Nf5+ Bxf5 43. exf5 Qg5 44. f6+ Kf7 45. Qd3 Qg6 46. Qxg6+
Kxg6 47. Kh2 Ng5 48. gxh4 Nh7 49. Rg1+ Kh5 50. Ref1 Rf8 51. f7 Kxh4 52. Rg8 Rbb8
53. Rg7 Ng5 54. Rf6 Kh5 55. Nc3 Ra8 56. Ne2 Ra2 57. Rf2 Kh4 58. Kh1 Rxf7 59.
Rgxf7 Nxf7 60. Rxf7 Rxe2 61. Rxc7 Rb2 62. b5 Rc2 63. Kg1 Kg3 64. Rg7+ Kf3 65.
Rg6 Rxc4 66. Rxd6 Rc5 67. Rxb6 Rxd5 68. Rxh6 Rxb5 69. Rh3+ Ke2 70. Rh2+ Ke1 71.
Rh4 Rb2 72. Re4+ Re2 73. Ra4 e4 74. Ra1+ Kd2 75. Kf1 Re3 76. Ra2+ 1/2-1/2

[Event "TCh-CHN 2016"]
[Site "China CHN"]
[Date "2016.06.23"]
[Round "5.2"]
[Board "1"]
[White "Wang, Chen"]
[Black "Gao, Rui"]
[Result "1-0"]
[WhiteTitle "IM"]
[BlackTitle "GM"]
[WhiteElo "2514"]
[BlackElo "2552"]
[WhiteTeam "Chongqing"]
[BlackTeam "Hangzhou"]
[WhiteFideId "8601020"]
[BlackFideId "8602387"]
[EventDate "2016.04.12"]

1. d4 Nf6 2. Nf3 g6 3. Bf4 Bg7 4. e3 d6 5. h3 O-O 6. Be2 Nbd7 7. Bh2 b6 8. O-O
Bb7 9. c3 c5 10. Nbd2 Qc7 11. a4 Ne4 12. a5 Nxd2 13. Nxd2 bxa5 14. Nc4 Rab8 15.
Nxa5 Ba8 16. Qd2 Nf6 17. Rfc1 Bh6 18. b4 cxb4 19. cxb4 Qd7 20. b5 Rxb5 21. Bxb5
Qxb5 22. Kh1 Qd7 23. f3 Kg7 24. Ra3 Rb8 25. Nc4 Bd5 26. Nb2 a5 27. Nd3 a4 28.
Nc5 Qf5 29. Nxa4 Rb1 30. Ra1 Rxc1+ 31. Rxc1 Bxf3 32. gxf3 Qxf3+ 33. Qg2 Qxe3 34.
Rf1 Qxd4 35. Nb2 Bd2 36. Nd1 h5 37. Qf3 Bg5 38. Nc3 Qc4 39. Rg1 Bh4 40. Rf1 Bg5
41. Rd1 e5 42. Qd3 Qh4 43. Qg3 Qc4 44. Qxg5 Qxc3 45. Rxd6 Ng4 46. hxg4 Qe1+ 47.
Bg1 Qe4+ 48. Kh2 hxg4 49. Qf6+ Kh6 50. Qh4+ Kg7 51. Qf6+ Kh6 52. Qxf7 1-0

[Event "TCh-CHN 2016"]
[Site "China CHN"]
[Date "2016.06.23"]
[Round "5.2"]
[Board "2"]
[White "Zhou, Weiqi"]
[Black "Ma, Qun"]
[Result "1/2-1/2"]
[WhiteTitle "GM"]
[BlackTitle "GM"]
[WhiteElo "2635"]
[BlackElo "2613"]
[WhiteTeam "Chongqing"]
[BlackTeam "Hangzhou"]
[WhiteFideId "8601674"]
[BlackFideId "8603154"]
[EventDate "2016.04.12"]

1. c4 c6 2. Nf3 d5 3. e3 Nf6 4. Nc3 g6 5. d4 Bg7 6. Bd3 O-O 7. O-O Bg4 8. h3
Bxf3 9. Qxf3 e6 10. Rd1 Nbd7 11. Qe2 Re8 12. Bd2 a6 13. Be1 Qe7 14. Rac1 Rac8
15. a3 h5 16. Rc2 dxc4 17. Bxc4 b5 18. Ba2 c5 19. dxc5 Rxc5 20. Rcd2 Ne5 21. Rd6
Rc6 22. Rxc6 Nxc6 23. Qf3 Qc7 24. Bb1 Ne5 25. Qf4 Rc8 26. a4 bxa4 27. Qxa4 Nc4
28. Qxa6 Nxb2 29. Rc1 Qc6 30. Qxc6 Rxc6 31. Ne2 1/2-1/2

[Event "TCh-CHN 2016"]
[Site "China CHN"]
[Date "2016.06.23"]
[Round "5.2"]
[Board "3"]
[White "Liu, Yan"]
[Black "Bai, Jinshi"]
[Result "1/2-1/2"]
[WhiteTitle "FM"]
[BlackTitle "GM"]
[WhiteElo "2413"]
[BlackElo "2564"]
[WhiteTeam "Chongqing"]
[BlackTeam "Hangzhou"]
[WhiteFideId "8608962"]
[BlackFideId "8602280"]
[EventDate "2016.04.12"]

1. d4 Nf6 2. Nf3 g6 3. g3 Bg7 4. Bg2 d5 5. O-O O-O 6. c3 Nbd7 7. Bf4 c5 8. Nbd2
b6 9. Ne5 Bb7 10. Qb3 e6 11. Nxd7 Qxd7 12. Be5 Rfc8 13. e3 Qe7 14. Rfe1 Bh6 15.
dxc5 Rxc5 16. f4 Nd7 17. Bd4 Rc7 18. e4 dxe4 19. Nxe4 Bxe4 20. Bxe4 Rd8 21. Rad1
Nc5 22. Bxc5 Qxc5+ 23. Kg2 Rcd7 24. Rxd7 Rxd7 25. Rd1 Rxd1 26. Qxd1 Qe3 27. Bd3
Bf8 28. Qe2 Qc1 29. Qc2 Qe1 30. Qe2 Qa1 31. Bc4 Bc5 32. Kh3 Qc1 33. Bd3 Bd6 34.
a3 Kf8 35. Qc2 Qe3 36. Kg2 Bc5 37. Qe2 Qg1+ 38. Kh3 Qc1 39. Qc2 Qe3 40. Qe2 Qc1
41. Qc2 Qa1 42. Qb1 Qxb1 43. Bxb1 Be3 44. a4 Bc1 45. b4 Bd2 46. a5 Bxc3 47. axb6
axb6 48. b5 Ke7 49. Be4 Kd6 50. Kg2 Kc5 51. Bc6 Kd4 52. Kf3 Kd3 53. Be8 f6 54.
Bd7 Kc4 55. h3 Bd2 56. Ke4 Kc5 57. Bc6 Kd6 58. Be8 Ke7 59. Bc6 h6 60. g4 Bb4 61.
Bb7 Bc5 62. Bc6 Bd6 63. Bb7 f5+ 64. gxf5 exf5+ 65. Kf3 Ke6 66. Bc6 Kf6 67. Bb7
g5 68. fxg5+ hxg5 69. Bc6 Kg6 70. Bd7 Kf6 71. Bc6 Kg6 72. Bd7 Kf6 1/2-1/2

[Event "TCh-CHN 2016"]
[Site "China CHN"]
[Date "2016.06.23"]
[Round "5.2"]
[Board "4"]
[White "Dzagnidze, Nana"]
[Black "Tan, Zhongyi"]
[Result "1/2-1/2"]
[WhiteTitle "GM"]
[BlackTitle "WGM"]
[WhiteElo "2535"]
[BlackElo "2518"]
[WhiteTeam "Hangzhou"]
[BlackTeam "Chongqing"]
[WhiteFideId "13601903"]
[BlackFideId "8603642"]
[EventDate "2016.04.12"]

1. e4 c5 2. Nf3 Nc6 3. Bb5 d6 4. O-O Bd7 5. Re1 Nf6 6. h3 Ne5 7. Bxd7+ Nfxd7 8.
b3 g6 9. Nxe5 Nxe5 10. f4 Nc6 11. Bb2 Nd4 12. c3 Nc6 13. c4 Nd4 14. Bxd4 cxd4
15. d3 Bh6 16. Rf1 O-O 17. Qe1 e5 18. f5 Qg5 19. Na3 a6 20. Nc2 Qd2 21. Qxd2
Bxd2 22. Kf2 gxf5 23. exf5 d5 24. Rad1 Bc3 25. cxd5 Rfd8 26. Kf3 Rxd5 27. Ke4
Ra5 28. a3 f6 29. g4 Kf7 30. h4 Rg8 31. Rg1 h6 32. Rg2 Rb5 33. b4 Rb6 34. Rb1 a5
35. b5 a4 36. Ne1 Bxe1 37. Rxe1 Ke7 38. Rb1 Kd6 39. Rb4 Rg7 40. Rxa4 Rxb5 41.
Ra8 Rb1 42. Rd8+ Ke7 43. Rh8 Kd6 44. Rd8+ Ke7 45. Rh8 Kd6 1/2-1/2

[Event "TCh-CHN 2016"]
[Site "China CHN"]
[Date "2016.06.23"]
[Round "5.2"]
[Board "5"]
[White "Gu, Tianlu"]
[Black "Lei, Tingjie"]
[Result "0-1"]
[WhiteTitle "WIM"]
[BlackTitle "WGM"]
[WhiteElo "2255"]
[BlackElo "2504"]
[WhiteTeam "Hangzhou"]
[BlackTeam "Chongqing"]
[WhiteFideId "8603995"]
[BlackFideId "8605114"]
[EventDate "2016.04.12"]

1. e4 e5 2. Nf3 Nf6 3. Nc3 Bb4 4. Nxe5 O-O 5. Be2 Re8 6. Nd3 Bxc3 7. dxc3 Nxe4
8. O-O d6 9. Nf4 Nd7 10. Re1 b6 11. c4 Bb7 12. f3 Ng5 13. Nd5 Ne6 14. Bf1 Ndf8
15. f4 c6 16. Nc3 Qf6 17. Ne4 Qd4+ 18. Kh1 Rad8 19. Qg4 Nc5 20. Be3 Qxe4 21.
Bxc5 Qxe1 22. Bd4 Ng6 23. Rxe1 Rxe1 24. Kg1 Re4 25. Bc3 Rxf4 26. Qg3 Re4 27. Bd3
Ree8 28. h4 Ne5 29. h5 h6 30. Be4 Re7 31. b4 Rde8 32. a4 c5 33. bxc5 bxc5 34.
Bd5 Bc8 35. Bd2 Kh8 36. Bc3 Ng4 37. Bd2 Re2 38. Bf3 Rxd2 39. Bxg4 Bxg4 40. Qxg4
Re1+ 41. Kh2 Re5 42. Qf3 Rg5 43. Qa8+ Kh7 44. Qxa7 Rdxg2+ 45. Kh3 f5 46. Qb7 Rg1
47. Kh2 R1g4 0-1